000 00408nam a2200181Ia 4500
001 2666
005 20260306144823.0
008 260306t2017||||xx |||||||||||||| ||spa||
041 _aESP
082 _a201
_bZ89
100 _aZubiri, Xavier
_eAUT
245 0 _aSobre la religión
260 _c2017
300 _ax, 571 páginas :
_c23 cm.
650 _aGEN
654 _aCHU
942 _cLIB
_dJUS
_fJUS
_2ddc
_n
999 _c2666
_d2666